| 000 | 00739nam a2200265 a 4500 | ||
|---|---|---|---|
| 008 | |||
| 020 | _a1858739861 (pbk.) | ||
| 049 | _aMAIN | ||
| 090 |
_aREF RC82 _bHAL |
||
| 100 | 1 | _aHall, J.B. | |
| 245 | 1 | 0 |
_aHandbook : _bcritical care / _cJ.B. Hall [and] P. Murphy. |
| 260 |
_aLondon : _bScience Press, _cc2003. |
||
| 300 | _aRevised edition. | ||
| 300 |
_ax, 278 p. : _bill. ; _c19 cm. |
||
| 500 | _aIncludes index. | ||
| 650 | _aCritical care medicine. | ||
| 650 | _aIntersive care. | ||
| 650 | _aIntensive care units. | ||
| 700 | _aMurphy, P. | ||
| 907 |
_a.b10292226 _b14-11-13 _c24-02-11 |
||
| 003 | |||
| 005 | 20230120204058.0 | ||
| 040 | _cNUST | ||
| 942 |
_cBOOKS _kREF RC82 _mHAL |
||
| 999 |
_c116740 _d116740 |
||